000 00712nam a22002297a 4500
005 20250725141003.0
008 250725b |||||||| |||| 00| 0 eng d
020 _a978-977-6840-56-0 (hbk)
037 _cTB
040 _aCRL
_cCRL
041 _2ARB
_aARB
084 _aP28:g Q2
_bCRL
100 _aHakeem, Ramzan Abdul
_9816548
245 _aFi-al-daras al-laghvi wa al-naqadi
260 _aAlexandria, Egypt:
_bDarul wafa,
_c2022.
300 _a228p.
365 _b1980.00
_cINR
650 _aArbaic Language
_9816549
650 _aCriticism
942 _2CC
_cTB
_hP28:g Q2
_n0
999 _c1434298
_d1434298